Statistics for Name the NBA player

Click here to take the quiz!

General Stats

  • This quiz has been taken 17 times
  • The average score is 20 of 28

Answer Stats

Answer% Correct
Blake Griffin
93%
James Harden
93%
Jimmy Butler
93%
Kawhi Leonard
93%
Russell Westbrook
93%
Chris Paul
87%
Derrick Rose
87%
Dwight Howard
87%
Dwyane Wade
87%
Jeremy Lin
87%
Joakim Noah
87%
Joel Embiid
87%
Kevin Durant
87%
LeBron James
87%
DeMarcus Cousins
80%
Lonzo Ball
80%
Rajon Rondo
80%
Jason Terry
73%
Carmelo Anthony
60%
Draymond Green
60%
Lance Stephenson
60%
Zaza Pachulia
60%
Jusuf Nurkic
53%
Andre Drummond
47%
Damian Lillard
47%
Marcus Smart
47%
Luol Deng
20%
Udonis Haslem
20%

Score Distribution

Percentile by Number Answered

Percent of People with Each Score

Your Score History

You have not taken this quiz